[Event "Commonwealth and South African Open"]
[Site "Ekurhuleni RSA"]
[Date "2011.07.03"]
[EventDate "2011.06.25"]
[Round "11"]
[Result "1-0"]
[White "Gawain Jones"]
[Black "Abhijeet Gupta"]
[WhiteElo "2596"]
[BlackElo "2604"]
[PlyCount "73"]

1. e4 e5 2. Nf3 Nc6 3. d4 exd4 4. Bc4 Nf6 5. e5 d5 6. Bb5 Ne4
7. Nxd4 Bd7 8. Bxc6 bxc6 9. O-O Bc5 10. Be3 Qe7 11. Re1 O-O
12. f3 Ng5 13. f4 Ne6 14. c3 Bb6 15. a4 a5 16. Kh1 g6 17. Nd2
Rab8 18. N2f3 Ng7 19. f5 Nxf5 20. Bg5 Qc5 21. Nxf5 Bxf5
22. Nd4 Be4 23. Bf6 Rfe8 24. Qd2 Rb7 25. Qf4 Qf8 26. Rxe4 dxe4
27. Nf5 h5 28. Bg7 Qxg7 29. Nxg7 Kxg7 30. Qf6+ Kg8 31. Rf1 Rf8
32. e6 Bc5 33. exf7+ Kh7 34. Qxc6 e3 35. Qxb7 e2 36. Re1 Rxf7
37. Qb5 1-0

[Event "British Championships"]
[Site "Sheffield ENG"]
[Date "2011.07.25"]
[EventDate "2011.07.25"]
[Round "1"]
[Result "0-1"]
[White "Laurence E Webb"]
[Black "Gawain Jones"]
[WhiteElo "2306"]
[BlackElo "2606"]
[PlyCount "104"]

1. e4 e5 2. Nf3 Nc6 3. Bc4 Bc5 4. c3 Nf6 5. d4 exd4 6. cxd4
Bb4+ 7. Bd2 Nxe4 8. Bxb4 Nxb4 9. Bxf7+ Kxf7 10. Qb3+ Kf8
11. Qxb4+ Qe7 12. Qxe7+ Kxe7 13. Nfd2 Nf6 14. Nc3 d6 15. f3
Be6 16. Nde4 Nd5 17. Nxd5+ Bxd5 18. Nc3 Bf7 19. Kd2 Kd7
20. Rhe1 b5 21. Rec1 b4 22. Nd1 h5 23. Ne3 Rab8 24. h4 Rh6
25. Ke2 Rb5 26. Kf2 Rf6 27. g3 Bg6 28. Ng2 Bf7 29. Ne3 Bg8
30. Re1 Rf8 31. Re2 Ra5 32. a3 g6 33. Nc2 bxa3 34. Rxa3 Rxa3
35. bxa3 Rb8 36. Nb4 a5 37. Nd3 Bc4 38. Re3 Bxd3 39. Rxd3 c6
40. Ke3 a4 41. Ke4 d5+ 42. Ke3 Kd6 43. Kd2 Rb1 44. Ke3 Rc1
45. Kd2 Rg1 46. f4 Rg2+ 47. Ke1 c5 48. Kf1 c4 49. Rf3 Rd2
50. f5 gxf5 51. Rxf5 c3 52. Ke1 Rxd4 0-1

[Event "British Championships"]
[Site "Sheffield ENG"]
[Date "2011.07.26"]
[EventDate "2011.07.25"]
[Round "2"]
[Result "1-0"]
[White "Gawain Jones"]
[Black "Thomas E Rendle"]
[WhiteElo "2606"]
[BlackElo "2386"]
[PlyCount "57"]

1. d4 f5 2. Bg5 g6 3. Nc3 Bg7 4. h4 h6 5. Bf4 d6 6. e4 Nc6
7. Nf3 e5 8. dxe5 dxe5 9. Qxd8+ Kxd8 10. O-O-O+ Bd7 11. Bh2
Nge7 12. Bc4 Kc8 13. exf5 gxf5 14. Rd2 f4 15. Ne4 Bg4 16. Nc5
Nd8 17. Rhd1 Nec6 18. Bd5 Bf8 19. Nd3 Be7 20. Re1 Bxf3
21. Bxf3 Bd6 22. c4 b6 23. b4 Rb8 24. c5 bxc5 25. bxc5 Be7
26. Nxe5 Bxc5 27. Bg4+ Kb7 28. Nd7 Ba3+ 29. Kc2 1-0

[Event "British Championships"]
[Site "Sheffield ENG"]
[Date "2011.07.27"]
[EventDate "2011.07.25"]
[Round "3"]
[Result "1/2-1/2"]
[White "Stuart C Conquest"]
[Black "Gawain Jones"]
[WhiteElo "2519"]
[BlackElo "2606"]
[PlyCount "49"]

1. Nf3 c5 2. c3 e6 3. d4 d5 4. e3 Nf6 5. Nbd2 Qc7 6. Bd3 Nbd7
7. O-O Bd6 8. c4 O-O 9. b3 e5 10. cxd5 cxd4 11. Bb2 Nc5
12. Rc1 Qe7 13. Bb1 e4 14. exd4 Nd3 15. Bxd3 exd3 16. Nc4 Bf5
17. Nh4 Be4 18. f3 Bg6 19. Nxg6 hxg6 20. Re1 Qd8 21. Qxd3 Nxd5
22. Re4 Nf6 23. Ree1 Nd5 24. Re4 Nf6 25. Ree1 1/2-1/2

[Event "British Championships"]
[Site "Sheffield ENG"]
[Date "2011.07.28"]
[EventDate "2011.07.25"]
[Round "4"]
[Result "1-0"]
[White "Gawain Jones"]
[Black "Susan Arkell Lalic"]
[WhiteElo "2606"]
[BlackElo "2277"]
[PlyCount "75"]

1. e4 c6 2. d4 d5 3. e5 c5 4. dxc5 Nc6 5. Nf3 Bg4 6. c3 e6
7. b4 Bxf3 8. Qxf3 Nxe5 9. Bb5+ Nc6 10. Nd2 Nf6 11. Nb3 Be7
12. Nd4 Qd7 13. Qe2 O-O 14. O-O a5 15. Bb2 Rfe8 16. a3 Bf8
17. Nf3 Qc7 18. c4 axb4 19. axb4 dxc4 20. Bxf6 gxf6 21. Rac1
Bg7 22. Qxc4 Red8 23. Bxc6 bxc6 24. Rfd1 f5 25. g3 Ra4 26. Qh4
Rb8 27. Rc4 Ra2 28. Rd6 Qa7 29. Rd8+ Rxd8 30. Qxd8+ Bf8
31. Ne5 Qb7 32. Qe8 Ra8 33. Qxc6 Qa7 34. Kg2 Rd8 35. b5 Rd5
36. b6 Qa2 37. b7 Rd2 38. Qf3 1-0

[Event "British Championships"]
[Site "Sheffield ENG"]
[Date "2011.07.30"]
[EventDate "2011.07.25"]
[Round "6"]
[Result "1-0"]
[White "Gawain Jones"]
[Black "Richard A Bates"]
[WhiteElo "2606"]
[BlackElo "2373"]
[PlyCount "45"]

1. e4 c5 2. d3 Nc6 3. f4 g6 4. Nf3 Bg7 5. Be2 d6 6. O-O Bg4
7. Qe1 c4 8. dxc4 Qb6+ 9. Kh1 Bxb2 10. Bxb2 Qxb2 11. Nc3 Bxf3
12. Bxf3 Qb4 13. Rb1 Qxc4 14. Rxb7 Nd4 15. Nd5 Rc8 16. Rxa7
Nxc2 17. Qb1 Qc5 18. Qb7 Qc6 19. Nc7+ Kd7 20. Qxc6+ Kxc6
21. e5+ Kb6 22. Rb1+ Kxa7 23. Rb7+ 1-0

[Event "British Championships"]
[Site "Sheffield ENG"]
[Date "2011.08.01"]
[EventDate "2011.07.25"]
[Round "7"]
[Result "1-0"]
[White "Nigel Short"]
[Black "Gawain Jones"]
[WhiteElo "2687"]
[BlackElo "2606"]
[PlyCount "111"]

1. c4 c5 2. g3 Nc6 3. Bg2 g6 4. Nc3 Bg7 5. Nf3 e5 6. d3 Nge7
7. Bg5 f6 8. Bd2 d6 9. O-O Be6 10. a3 Qd7 11. Rb1 O-O 12. b4
cxb4 13. axb4 d5 14. b5 Nd8 15. Na4 Bf7 16. Bb4 Re8 17. Nd2 b6
18. Bxe7 Rxe7 19. Nc3 e4 20. Nxd5 Bxd5 21. cxd5 exd3 22. d6
dxe2 23. Qb3+ Nf7 24. dxe7 exf1=R+ 25. Nxf1 Re8 26. Bc6 Qxe7
27. Bxe8 Qxe8 28. Ra1 Qd7 29. Rd1 Qe8 30. Rc1 Qd7 31. Ne3 f5
32. Nd5 Be5 33. Rc7 Qxc7 34. Nxc7 Bxc7 35. Qa2 Bd6 36. Qxa7
Bc5 37. Qd7 Kg7 38. Qe6 Bd4 39. Kg2 Bc5 40. f3 h5 41. h3 Bd4
42. Qc4 Bc5 43. Qc3+ Kh7 44. Qf6 Nd6 45. Kf1 Ne8 46. Qf7+ Ng7
47. Ke2 Bd4 48. Kd3 Bf2 49. g4 fxg4 50. fxg4 Bc5 51. Ke4 Bg1
52. Ke5 Be3 53. Qd7 Kh6 54. Kf6 Bg5+ 55. Kf7 hxg4 56. hxg4 1-0

[Event "British Championships"]
[Site "Sheffield ENG"]
[Date "2011.08.02"]
[EventDate "2011.07.25"]
[Round "8"]
[Result "1-0"]
[White "Gawain Jones"]
[Black "David Howell"]
[WhiteElo "2606"]
[BlackElo "2625"]
[PlyCount "79"]

1. e4 e5 2. Nf3 Nc6 3. d4 exd4 4. Bc4 Bc5 5. c3 Nf6 6. e5 d5
7. Bb5 Ne4 8. cxd4 Bb6 9. Nc3 O-O 10. Be3 Ne7 11. Bd3 Bf5
12. O-O Nxc3 13. bxc3 Rc8 14. Nh4 Bxd3 15. Qxd3 c5 16. Bg5 Qd7
17. Bxe7 Qxe7 18. Nf5 Qd7 19. Qf3 Qe6 20. c4 g6 21. Nh6+ Kg7
22. cxd5 Qd7 23. Ng4 Qf5 24. Qxf5 gxf5 25. Ne3 Kg6 26. Nc4
cxd4 27. Nxb6 axb6 28. Rfd1 f4 29. Rxd4 Kf5 30. Re1 Rfe8
31. g3 fxg3 32. hxg3 Rc5 33. g4+ Kg5 34. d6 h5 35. e6 fxe6
36. Rxe6 Rd8 37. d7 Rc7 38. Re5+ Kg6 39. Rd6+ Kg7 40. Rg5+ 1-0

[Event "British Championships"]
[Site "Sheffield ENG"]
[Date "2011.08.03"]
[EventDate "2011.07.25"]
[Round "9"]
[Result "1/2-1/2"]
[White "Gawain Jones"]
[Black "Jonathan Hawkins"]
[WhiteElo "2606"]
[BlackElo "2457"]
[PlyCount "62"]

1. e4 e5 2. Nf3 Nc6 3. d4 exd4 4. Nxd4 Nf6 5. Nxc6 bxc6 6. e5
Qe7 7. Qe2 Nd5 8. c4 Ba6 9. Nd2 g6 10. Nf3 Qb4+ 11. Kd1 Rb8
12. Qc2 Ne7 13. Qb3 c5 14. Qxb4 cxb4 15. Be3 Nf5 16. Bxa7 Ra8
17. Be3 Nxe3+ 18. fxe3 Bc5 19. Kd2 O-O 20. Bd3 Bb7 21. h4 Rfe8
22. Rhf1 Bxf3 23. Rxf3 Rxe5 24. g4 Re6 25. g5 Raa6 26. Kc2 f5
27. gxf6 Rxf6 28. Rxf6 Rxf6 29. h5 g5 30. Rf1 Rxf1 31. Bxf1 g4
1/2-1/2

[Event "British Championships"]
[Site "Sheffield ENG"]
[Date "2011.08.04"]
[EventDate "2011.07.25"]
[Round "10"]
[Result "0-1"]
[White "Aaron Summerscale"]
[Black "Gawain Jones"]
[WhiteElo "2415"]
[BlackElo "2606"]
[PlyCount "92"]

1. Nf3 Nf6 2. c4 b6 3. d4 Bb7 4. Nc3 e6 5. a3 d5 6. cxd5 exd5
7. Bg5 Be7 8. Qa4+ c6 9. e3 O-O 10. Rc1 Nbd7 11. Bd3 Ne4
12. Bxe4 dxe4 13. Nxe4 c5 14. Bxe7 Qxe7 15. Ned2 cxd4 16. O-O
Nc5 17. Qxd4 Ba6 18. Qb4 Bxf1 19. Rxf1 Qf6 20. Nd4 Rac8 21. h3
Rfd8 22. N2f3 h6 23. Qb5 Ne6 24. Qa6 Rc7 25. Qe2 Rdc8 26. Qd2
Nc5 27. Qe2 Ne4 28. Qd3 Nd6 29. Qb1 Qe7 30. Nd2 a5 31. Rd1 a4
32. N2f3 Qe4 33. Ne2 Qxb1 34. Rxb1 Nc4 35. Kf1 Rc5 36. Ned4
Nd6 37. Ne2 Nc4 38. Ned4 f6 39. Ke1 Ne5 40. Nxe5 fxe5 41. Ne2
Rb5 42. Kd2 Rd5+ 43. Ke1 Rc2 44. Nc3 Rdd2 45. Nd1 b5 46. b3
Rd3 0-1

[Event "British Championships"]
[Site "Sheffield ENG"]
[Date "2011.08.05"]
[EventDate "2011.07.25"]
[Round "11"]
[Result "1/2-1/2"]
[White "Gawain Jones"]
[Black "Nicholas Pert"]
[WhiteElo "2606"]
[BlackElo "2555"]
[PlyCount "287"]

1. e4 c5 2. Nf3 Nc6 3. Bb5 g6 4. Bxc6 dxc6 5. d3 Bg7 6. h3 Nf6
7. Nc3 O-O 8. Be3 b6 9. Qd2 e5 10. a3 a5 11. O-O Re8 12. Ne2
Ba6 13. c4 Ra7 14. Rfd1 Rd7 15. Qc2 Bc8 16. Ng3 Rd6 17. b4
axb4 18. axb4 Nd7 19. bxc5 Nxc5 20. Bxc5 bxc5 21. Ra8 Qf6
22. Rb1 Rdd8 23. Rbb8 Bf8 24. Nd2 Bd6 25. Rb3 Kg7 26. Ra7 h5
27. Qd1 Re7 28. Rxe7 Bxe7 29. Qf3 Qd6 30. Qe3 Qc7 31. Nf3 Bd7
32. Qc1 Ra8 33. Qb2 Bf6 34. Nf1 Kg8 35. Ra3 Rd8 36. Qa1 Bc8
37. Qc3 Bg7 38. N1d2 Qd6 39. Ra8 f6 40. Nb3 Bf8 41. Ne1 Be6
42. Rxd8 Qxd8 43. Qa5 Qd6 44. Kf1 f5 45. f3 Be7 46. Qa7 Kg7
47. Ke2 Kh6 48. Nc2 Kg5 49. Qb6 Kh4 50. Qa5 f4 51. Qb6 Kg3
52. Qa5 Kh4 53. Qc3 Bd7 54. Nca1 Qb8 55. Nd2 Bd6 56. Nab3 Qa8
57. Qb2 Qd8 58. Qa1 Qb8 59. Qa5 Qf8 60. Nb1 Qb8 61. N1d2 Qf8
62. Nf1 Qe7 63. Qe1+ Kg5 64. Qf2 Be6 65. Nfd2 Qa7 66. Qg1 Be7
67. Qc1 Kh4 68. Kf2 Bd8 69. Qc3 Bc7 70. Kg1 Kg5 71. Kh2 Kf6
72. Qb2 Ke7 73. Qc1 Kd6 74. Qe1 Bd8 75. Qf2 Qa3 76. Kg1 g5
77. Kf1 Bb6 78. Ke2 Qb2 79. Qg1 Qa3 80. Qb1 Bc7 81. Qc2 Bd8
82. Nb1 Qa4 83. Qb2 Bc7 84. N1d2 Qa7 85. Kd1 Bb6 86. Kc2 Bc7
87. Nb1 Bb6 88. Nc3 Bc7 89. Nd2 Bb6 90. Qb3 Bc7 91. Na4 Ba5
92. Nb1 g4 93. hxg4 hxg4 94. fxg4 Bxg4 95. Nbc3 Be6 96. Qb1
Bb4 97. Qh1 Qg7 98. Kb3 Qb7 99. Kc2 Qg7 100. Nb2 Ba5 101. Nca4
Bb4 102. Kb3 Ba5 103. Ka2 Bb4 104. Qh4 Kc7 105. Qh5 Bd7
106. Kb3 Kb7 107. Qh1 Kc7 108. Nc3 Kb7 109. Na2 Bd2 110. Na4
Be3 111. Ka3 Kc7 112. N2c3 Bd4 113. Ne2 Be3 114. Nec3 Bd4
115. Ne2 Be3 116. Qb1 Qxg2 117. Qb6+ Kd6 118. Nec3 Ke7
119. Qc7 Bd4 120. Nb6 Qh3 121. Kb3 Qe6 122. Ne2 Qh3 123. Kc2
Qe6 124. Nxd4 exd4 125. Nxd7 Qxd7 126. Qxf4 Qh3 127. Qe5+ Kd7
128. Qxc5 Qe3 129. Qf5+ Kc7 130. Qa5+ Kd7 131. Qd2 Qf3
132. Qd1 Qg2+ 133. Kb3 c5 134. Qc2 Qf1 135. Kb2 Kc8 136. Qd2
Kb7 137. Kc2 Qa1 138. e5 Kc7 139. Kb3 Kd7 140. Qb2 Qxb2+
141. Kxb2 Ke6 142. Kb3 Kxe5 143. Ka4 Kf4 144. Kb5 1/2-1/2

[Event "Commonwealth and South African Open"]
[Site "Ekurhuleni RSA"]
[Date "2011.06.24"]
[EventDate "2011.06.25"]
[Round "7.1"]
[Result "1/2-1/2"]
[White "Gawain Jones"]
[Black "Sahaj Grover"]
[WhiteElo "2596"]
[BlackElo "2485"]
[PlyCount "61"]

1. e4 e6 2. d4 d5 3. Nc3 Bb4 4. exd5 exd5 5. Bd3 c6 6. Qf3 Qf6
7. Bf4 Bd6 8. Nge2 Bxf4 9. Nxf4 Ne7 10. O-O-O O-O 11. Kb1 Ng6
12. Nce2 b6 13. h4 Ba6 14. Qg4 Bc8 15. Qg3 Nxf4 16. Nxf4 Ba6
17. Qg4 Bxd3 18. Rxd3 Na6 19. Nh5 Qg6 20. Qd1 Qd6 21. Rg3 g6
22. Qd2 f6 23. Nf4 Nc7 24. Nxg6 hxg6 25. Qh6 Kf7 26. Rxg6 Ke7
27. Re1+ Kd8 28. Rg7 Re8 29. Rxe8+ Nxe8 30. Qh8 Qe6 31. a3
1/2-1/2

[Event "Commonwealth and South African Open"]
[Site "Ekurhuleni RSA"]
[Date "2011.06.24"]
[EventDate "2011.06.25"]
[Round "9.1"]
[Result "1/2-1/2"]
[White "Gawain Jones"]
[Black "Rajaram R Laxman"]
[WhiteElo "2596"]
[BlackElo "2446"]
[PlyCount "115"]

1. e4 e5 2. Nf3 Nf6 3. Nxe5 d6 4. Nf3 Nxe4 5. Nc3 Nxc3 6. dxc3
Be7 7. Be3 Nc6 8. Qd2 Be6 9. O-O-O Qd7 10. Kb1 a6 11. h4 h6
12. Nd4 Nxd4 13. Bxd4 Rg8 14. c4 c5 15. Be3 O-O-O 16. g3 d5
17. cxd5 Qxd5 18. Qxd5 Bxd5 19. Bh3+ Kc7 20. Rhe1 Rge8
21. Bf4+ Kc6 22. Rxd5 Kxd5 23. Bg2+ Kc4 24. Bf1+ Kd5 25. Bg2+
Kc4 26. Bxb7 Kb5 27. Bc7 Bf6 28. a4+ Kb4 29. Be4 Rd2 30. f3
Re6 31. Bf4 Rg2 32. Rd1 g5 33. hxg5 hxg5 34. Bd6 Be5 35. Bf8
Re8 36. Bd6 Bxd6 37. Rxd6 Re6 38. Rd5 Rxg3 39. c3+ Kxa4
40. Rxc5 Rxe4 41. fxe4 Kb3 42. Kc1 Rg2 43. Kd1 Kxb2 44. e5 Rf2
45. e6 fxe6 46. Ke1 Rc2 47. Rc6 Rxc3 48. Rxa6 Re3+ 49. Kd2 Re5
50. Rb6+ Ka3 51. Rb8 Ka4 52. Kd3 Ka5 53. Kd4 Re1 54. Rg8 Rg1
55. Rg6 g4 56. Ke3 g3 57. Kf3 e5 58. Rxg3 1/2-1/2

[Event "Corsica Masters Knockout"]
[Site "Bastia FRA"]
[Date "2011.10.28"]
[EventDate "2011.10.28"]
[Round "1.1"]
[Result "0-1"]
[White "Gawain Jones"]
[Black "Pavel Tregubov"]
[WhiteElo "2624"]
[BlackElo "2602"]
[PlyCount "150"]

1. e4 c5 2. d3 Nc6 3. f4 e6 4. Nf3 d5 5. Be2 Nf6 6. e5 Nd7
7. c4 d4 8. O-O Be7 9. Nbd2 O-O 10. Ne4 f6 11. exf6 Nxf6
12. Qe1 Nxe4 13. dxe4 a6 14. Bd2 Rb8 15. Bd3 Bd7 16. e5 Be8
17. Qg3 Qd7 18. Qh3 Bg6 19. Bxg6 hxg6 20. Qg4 Kf7 21. Rf2 b5
22. b3 bxc4 23. bxc4 d3 24. Bc3 Nd4 25. Bxd4 cxd4 26. Raf1
Rbc8 27. Qh3 Kg8 28. Nd2 Bb4 29. Ne4 Be7 30. Qxd3 Qc6 31. Rc2
Rfd8 32. Rf3 Qb7 33. h3 Qb1+ 34. Rf1 Qb4 35. Kh2 Rd7 36. Rf3
Rdc7 37. Nd2 Rf8 38. Qxg6 Qb6 39. Ne4 d3 40. Rd2 Rxc4
41. Rdxd3 Qc6 42. Nf6+ Bxf6 43. exf6 Rxf6 44. Rd8+ Rf8 45. Rg3
Qc7 46. Qxe6+ Qf7 47. Qxf7+ Kxf7 48. Rxf8+ Kxf8 49. Ra3 Rxf4
50. Rxa6 Rc4 51. Ra7 Kg8 52. Kg3 Kh7 53. Ra6 g6 54. a4 Kh6
55. Ra5 g5 56. Ra8 Kh5 57. a5 Rc3+ 58. Kf2 Ra3 59. a6 Ra2+
60. Kf3 Ra3+ 61. Kf2 Ra2+ 62. Kg3 Ra3+ 63. Kh2 Kg6 64. Kg1 Ra2
65. Kf1 Kh6 66. Kg1 Kg6 67. Kh2 Ra3 68. Rg8+ Kh6 69. Ra8 Kg6
70. a7 Kg7 71. Kg1 Ra2 72. Kf1 Kh7 73. Ke1 Kg7 74. Kd1 Kh7
75. Kc1 Kg7 0-1

[Event "Corsica Masters Knockout"]
[Site "Bastia FRA"]
[Date "2011.10.28"]
[EventDate "2011.10.28"]
[Round "1.2"]
[Result "0-1"]
[White "Pavel Tregubov"]
[Black "Gawain Jones"]
[WhiteElo "2602"]
[BlackElo "2624"]
[PlyCount "86"]

1. d4 Nf6 2. c4 g6 3. g3 Bg7 4. Bg2 O-O 5. Nc3 d6 6. Nf3 Nc6
7. O-O Rb8 8. d5 Na5 9. Qd4 c5 10. Qh4 b5 11. cxb5 a6 12. bxa6
Rb4 13. e4 Bxa6 14. Re1 Re8 15. b3 Nh5 16. Bd2 Bf6 17. Qh3 Bc8
18. g4 Qd7 19. Rac1 Nb7 20. Na4 Rxa4 21. bxa4 Qxa4 22. Bg5 Bb2
23. Rb1 Qxa2 24. Qh4 Nf6 25. h3 c4 26. e5 dxe5 27. Rxb2 Qxb2
28. Nxe5 Qc3 29. f4 Bd7 30. Rb1 Nc5 31. d6 Qc2 32. Rf1 Nfe4
33. Bxe7 Qd2 34. Kh2 Qd4 35. g5 Nxd6 36. Bxd6 Qxd6 37. Nxc4
Qd4 38. Ne5 Rxe5 39. Qg3 Re2 40. Qf3 Qe4 41. Qg3 Bc6 42. Rg1
Nd3 43. Kh1 Rxg2 0-1

[Event "Corsica Masters Knockout"]
[Site "Bastia FRA"]
[Date "2011.10.28"]
[EventDate "2011.10.28"]
[Round "1.3"]
[Result "1-0"]
[White "Pavel Tregubov"]
[Black "Gawain Jones"]
[WhiteElo "2602"]
[BlackElo "2624"]
[PlyCount "141"]

1. d4 Nf6 2. c4 g6 3. Nc3 Bg7 4. e4 d6 5. Nge2 Nbd7 6. Ng3 e5
7. d5 h5 8. Be2 h4 9. Nf1 Nc5 10. f3 a5 11. Bg5 Bd7 12. Nd2
Bh6 13. Bxh6 Rxh6 14. Qc2 c6 15. O-O-O a4 16. Kb1 Qa5 17. a3
Ra6 18. Nf1 Rb6 19. dxc6 Rxc6 20. Ne3 Be6 21. Ned5 Bxd5
22. Nxd5 Nxd5 23. Rxd5 Qb6 24. Rhd1 Rh8 25. Qc3 f6 26. Bd3 Qb3
27. Qxb3 axb3 28. Be2 Ke7 29. Kc1 Rhc8 30. Kd2 Rb6 31. Rh1 Na4
32. Kc1 Rc5 33. g3 Rbc6 34. Rxc5 Rxc5 35. gxh4 b5 36. Rg1 Kf7
37. Rd1 bxc4 38. Rd5 Rc7 39. Ra5 Nxb2 40. Kxb2 c3+ 41. Kc1 f5
42. Rb5 b2+ 43. Kc2 Kf6 44. a4 g5 45. hxg5+ Kxg5 46. a5 fxe4
47. fxe4 Kf4 48. Bd3 Ke3 49. a6 Kd4 50. Rb4+ Ke3 51. Rb7 Rc5
52. Rb3 Kd4 53. Rb4+ Ke3 54. Ra4 b1=Q+ 55. Kxb1 Kxd3 56. a7
Kd2 57. Ra2+ c2+ 58. Rxc2+ Rxc2 59. a8=Q Rc1+ 60. Kb2 Rc2+
61. Kb3 Rc3+ 62. Kb4 Rd3 63. h4 Ke3 64. h5 Rd4+ 65. Kc3 Rd1
66. Qa7+ Kf3 67. h6 Rh1 68. h7 Kxe4 69. Qg7 Rh3+ 70. Kb4 d5
71. Qg4+ 1-0

[Event "Corsica Masters Knockout"]
[Site "Bastia FRA"]
[Date "2011.10.28"]
[EventDate "2011.10.28"]
[Round "1.4"]
[Result "1-0"]
[White "Gawain Jones"]
[Black "Pavel Tregubov"]
[WhiteElo "2624"]
[BlackElo "2602"]
[PlyCount "88"]

1. e4 c5 2. d3 Nc6 3. f4 d5 4. Be2 dxe4 5. dxe4 Qxd1+ 6. Bxd1
Nf6 7. e5 Nd5 8. a3 Bf5 9. Ne2 e6 10. c4 Nb6 11. b3 O-O-O
12. Nbc3 f6 13. exf6 gxf6 14. Ng3 Bd3 15. Bb2 Rg8 16. Bh5 Nd4
17. Rd1 Bc2 18. Rxd4 cxd4 19. Nb5 e5 20. fxe5 fxe5 21. b4 Nxc4
22. Bf7 Nxb2 23. Bxg8 Bxb4+ 24. axb4 Rxg8 25. Nxa7+ Kd7
26. Rf1 Bg6 27. Nb5 Ra8 28. Rf6 Ra1+ 29. Kf2 Nd3+ 30. Kf3 Nxb4
31. Rd6+ Ke7 32. Rb6 e4+ 33. Nxe4 d3 34. Rxb7+ Kf8 35. Nbd6
Rf1+ 36. Ke3 Re1+ 37. Kd4 Nc6+ 38. Kxd3 Ne5+ 39. Kd4 Ng4
40. h3 Ne3 41. g4 Ng2 42. Ke5 Bxe4 43. Nxe4 Re3 44. Rxh7 Kg8
1-0

[Event "Corsica Masters Knockout"]
[Site "Bastia FRA"]
[Date "2011.10.28"]
[EventDate "2011.10.28"]
[Round "1.5"]
[Result "1-0"]
[White "Gawain Jones"]
[Black "Pavel Tregubov"]
[WhiteElo "2624"]
[BlackElo "2602"]
[PlyCount "89"]

1. e4 c5 2. Nc3 e6 3. f4 Nc6 4. Nf3 a6 5. d3 d5 6. g3 Nf6
7. Bg2 d4 8. Nb1 Be7 9. O-O O-O 10. h3 b5 11. a4 Rb8 12. axb5
axb5 13. Na3 Qb6 14. Kh2 Rd8 15. Qe1 Ba6 16. b3 c4 17. bxc4
bxc4 18. Nxc4 Bxc4 19. dxc4 Bb4 20. Qe2 Bc3 21. Ra3 Qc5
22. Ra4 Ra8 23. Rxa8 Rxa8 24. e5 Nd7 25. Ng5 Nf8 26. Ne4 Qb4
27. Nd6 Ra6 28. c5 Nb8 29. c6 Qa5 30. Qc4 Ra7 31. Nb5 Qa6
32. Qd3 Nxc6 33. Bxc6 Re7 34. Ba3 Ng6 35. Bxe7 Nxe7 36. Nxc3
Qxc6 37. Qxd4 g6 38. Qd8+ Kg7 39. Qxe7 Qxc3 40. Rf2 Qe3
41. Rg2 h5 42. c4 Qc3 43. c5 Qc4 44. Qf6+ Kg8 45. Rd2 1-0

[Event "Corsica Masters"]
[Site "Bastia FRA"]
[Date "2011.10.22"]
[EventDate "2011.10.22"]
[Round "1.5"]
[Result "0-1"]
[White "Alexis Skouvaklis"]
[Black "Gawain Jones"]
[WhiteElo "2072"]
[BlackElo "2624"]
[PlyCount "108"]

1. e4 c5 2. Nf3 d6 3. d4 cxd4 4. Nxd4 Nf6 5. Nc3 g6 6. Be3 Bg7
7. f3 Nc6 8. Qd2 O-O 9. g4 Be6 10. O-O-O Nxd4 11. Bxd4 Qa5
12. a3 Rab8 13. g5 Nh5 14. Nd5 Qxd2+ 15. Rxd2 Bxd5 16. exd5
Bxd4 17. Rxd4 f6 18. f4 fxg5 19. fxg5 Rf4 20. Rxf4 Nxf4 21. h4
Rc8 22. Bh3 Rc5 23. Bg4 Rxd5 24. Rf1 Rd4 25. Bf3 d5 26. c3 Rd3
27. Kc2 e5 28. c4 dxc4 29. Bxb7 Rd7 30. Ba6 Ng2 31. Bxc4+ Kg7
32. Kc3 Nxh4 33. Rf6 Re7 34. b4 e4 35. Re6 Rxe6 36. Bxe6 Nf3
37. b5 Nxg5 38. Bc4 Kf6 39. Kd4 Ke7 40. a4 Kd6 41. a5 h5
42. Bd5 Kc7 43. Ke3 h4 44. Kf4 h3 45. Kg3 e3 46. Bh1 h2
47. Kg2 Ne4 48. Kf3 e2 49. Kxe2 Ng3+ 50. Kf2 Nxh1+ 51. Kg2 Nf2
52. b6+ axb6 53. axb6+ Kxb6 54. Kxh2 Ne4 0-1

[Event "Corsica Masters"]
[Site "Bastia FRA"]
[Date "2011.10.23"]
[EventDate "2011.10.22"]
[Round "2.4"]
[Result "1-0"]
[White "Gawain Jones"]
[Black "Teddy Coleman"]
[WhiteElo "2624"]
[BlackElo "2312"]
[PlyCount "45"]

1. e4 c5 2. Nc3 e6 3. Nf3 a6 4. d4 cxd4 5. Nxd4 Qc7 6. Bd3 Nf6
7. Qe2 Bd6 8. Ndb5 axb5 9. Nxb5 Qa5+ 10. Bd2 Bb4 11. Bxb4
Qxb4+ 12. c3 Qc5 13. e5 Ng4 14. O-O f5 15. h3 Nxe5 16. b4 Qe7
17. Nc7+ Kf7 18. Nxa8 Nxd3 19. Qxd3 b6 20. Nxb6 Bb7 21. Nc4
Bd5 22. Rfe1 Nc6 23. b5 1-0

[Event "Corsica Masters"]
[Site "Bastia FRA"]
[Date "2011.10.24"]
[EventDate "2011.10.22"]
[Round "3.4"]
[Result "0-1"]
[White "Radoslav Dimitrov"]
[Black "Gawain Jones"]
[WhiteElo "2424"]
[BlackElo "2624"]
[PlyCount "72"]

1. c4 e5 2. g3 Nc6 3. Bg2 f5 4. Nc3 Nf6 5. d3 Bb4 6. Bd2 O-O
7. a3 Bxc3 8. Bxc3 d6 9. Nf3 Qe8 10. Qd2 Kh8 11. O-O a6 12. b4
b5 13. a4 bxc4 14. dxc4 Be6 15. b5 axb5 16. cxb5 Ne7 17. Qc2
Qh5 18. Bd2 Rac8 19. Ng5 Bd5 20. Bxd5 Nexd5 21. e4 f4 22. h4
Ne7 23. Kg2 h6 24. Nf3 Qg6 25. Ra3 fxg3 26. fxg3 Nxe4 27. Be1
d5 28. Nxe5 Qd6 29. Rxf8+ Rxf8 30. Rf3 Rxf3 31. Nxf3 Nf5
32. Qc6 Ne3+ 33. Kh2 Ng4+ 34. Kh3 Qf8 35. Kxg4 h5+ 36. Kxh5
Qf5+ 0-1

[Event "Corsica Masters"]
[Site "Bastia FRA"]
[Date "2011.10.24"]
[EventDate "2011.10.22"]
[Round "4.3"]
[Result "1/2-1/2"]
[White "Gawain Jones"]
[Black "Marc Tyler Arnold"]
[WhiteElo "2624"]
[BlackElo "2505"]
[PlyCount "144"]

1. e4 c5 2. Nf3 e6 3. g3 Nc6 4. Bg2 Nf6 5. Qe2 d5 6. d3 Be7
7. O-O O-O 8. e5 Nd7 9. c4 a6 10. h4 b5 11. Nc3 Nb6 12. b3 Rb8
13. Bf4 Nd4 14. Nxd4 cxd4 15. Nb1 dxc4 16. bxc4 bxc4 17. dxc4
Bb7 18. Bxb7 Rxb7 19. Nd2 Na4 20. Nb3 Nc5 21. Qf3 Rb4 22. Rfc1
Qd7 23. Bd2 Ra4 24. Bg5 Ra3 25. Rd1 Qa7 26. Bxe7 Qxe7 27. Qc6
Nxb3 28. axb3 Rxa1 29. Rxa1 Qb4 30. Qd6 Qxb3 31. Qxd4 Rc8
32. Rc1 h5 33. c5 Qb5 34. Qd6 Qb2 35. Rc4 Qb5 36. Rc3 Qc6
37. Qxc6 Rxc6 38. Kf1 Kf8 39. Ke2 Ke7 40. Kd3 Kd7 41. Kc4 Kc8
42. Rd3 Rc7 43. Rb3 Rc6 44. f3 Rc7 45. g4 Rb7 46. Ra3 hxg4
47. fxg4 Rb1 48. Rxa6 Rg1 49. g5 Kb7 50. Rd6 Rc1+ 51. Kd4 Rd1+
52. Ke3 Rh1 53. g6 fxg6 54. Rxe6 Rxh4 55. Kd3 g5 56. Rd6 g4
57. Rd4 Rh5 58. e6 g3 59. e7 Re5 60. Re4 Rxe4 61. Kxe4 g2
62. e8=Q g1=Q 63. Qd7+ Kb8 64. Qd8+ Kb7 65. Qb6+ Kc8 66. Qa6+
Kb8 67. Qb5+ Kc7 68. Qb6+ Kc8 69. Qe6+ Kc7 70. Qf7+ Kc8
71. Qe6+ Kc7 72. Qe5+ Kc8 1/2-1/2

[Event "Corsica Masters"]
[Site "Bastia FRA"]
[Date "2011.10.25"]
[EventDate "2011.10.22"]
[Round "5.5"]
[Result "1/2-1/2"]
[White "Hrant Melkumyan"]
[Black "Gawain Jones"]
[WhiteElo "2619"]
[BlackElo "2624"]
[PlyCount "153"]

1. d4 f5 2. g3 Nf6 3. Bg2 e6 4. Nf3 Be7 5. O-O O-O 6. c4 d6
7. Bg5 Ne4 8. Bxe7 Qxe7 9. Nfd2 Nxd2 10. Qxd2 e5 11. e3 Nd7
12. Nc3 c6 13. Rae1 Nb6 14. b3 e4 15. f3 d5 16. fxe4 fxe4
17. Rxf8+ Qxf8 18. Rf1 Qe7 19. Qf2 Be6 20. cxd5 cxd5 21. Qf4
a6 22. Qe5 Rc8 23. Bh3 Re8 24. Bf5 Qd7 25. a4 a5 26. Kg2 Bxf5
27. Qxf5 Qxf5 28. Rxf5 Rd8 29. Nb5 Nc8 30. Rf2 Ne7 31. Rc2 Rf8
32. Nd6 b6 33. g4 Rf6 34. Nb5 Rf3 35. Re2 h5 36. h3 Kh7
37. Nc7 hxg4 38. hxg4 Kg6 39. Na8 Rf8 40. Nxb6 Rb8 41. Nd7
Rxb3 42. Kg3 Kg5 43. Nc5 Ra3 44. Ne6+ Kf6 45. Nc5 Kg5 46. Ne6+
Kf6 47. Nc5 Ng6 48. Rf2+ Ke7 49. Re2 Kf6 50. Rf2+ Ke7 51. Re2
Kf6 52. Re1 Kg5 53. Ne6+ Kf6 54. Nc7 Ne7 55. Rf1+ Kg6 56. Kf4
Rxa4 57. Ke5 Ra3 58. Ke6 Rc3 59. Nb5 Rb3 60. Nd6 Ng8 61. g5
Kxg5 62. Rg1+ Kh5 63. Rxg7 Nh6 64. Kxd5 Rxe3 65. Nxe4 a4
66. Ke5 Re1 67. Ra7 Ng4+ 68. Kf4 Rf1+ 69. Kg3 Ne3 70. Rxa4
Nf5+ 71. Kg2 Rf4 72. d5 Ne3+ 73. Kh3 Nxd5 74. Ng3+ Kg6
75. Rxf4 Nxf4+ 76. Kg4 Ne2 77. Nxe2 1/2-1/2